Reflexive governance for sustainable development
Saved in:
| Other Authors: | , , |
|---|---|
| Format: | Book |
| Language: | English |
| Published: |
Cheltenham :
Northampton,
2006
|
| Subjects: | |
| Tags: |
Add Tag
No Tags, Be the first to tag this record!
|
MARC
| LEADER | 00000nam a2200000 i 4500 | ||
|---|---|---|---|
| 001 | 1/84133 | ||
| 008 | 080508s2006 eng d | ||
| 020 | |a 978-1-84542-582-1 | ||
| 020 | |a 1-84542-582-0 | ||
| 035 | |l 10097112 | ||
| 040 | |a GR-MY-UA |b gre |e aacr | ||
| 041 | 0 | |a eng | |
| 082 | 0 | |a 658.4083 |2 (22) | |
| 245 | 1 | 0 | |a Reflexive governance for sustainable development / |c edited by Jan-Peter Voss, Dierk Bauknecht, Rene Kemp |
| 260 | |a Cheltenham : |b Northampton, |c 2006 | ||
| 300 | |a xviii,457 σ.; |b πίν. ; |c 24 εκ. | ||
| 504 | |a Ευρετήριο: σ. 439-457 | ||
| 650 | 0 | 0 | |a Sustainable development |x Management. |
| 700 | 1 | |a Voss, Jan-Peter. |4 edt | |
| 700 | 1 | |a Bauknecht, Dierk. |4 edt | |
| 700 | 1 | |a Kemp, Rene |d 1961- |4 edt | |
| 852 | |a INST |b LESVOS |e 20080508 |h 658.4083 REF |p 005100042494 |q 005100042494 |t BK |y 0 | ||
| 852 | |a INST |b LESVOS |e 20100315 |h 658.4083 REF |p 005100046156 |q 005100046156 |t BK |y 0 | ||
| 901 | |a BIBL1-2008-2 | ||
| 901 | |a BIBL1-2010-1 | ||
| 909 | |a Λ |b 143248 | ||
| 909 | |a Λ |b 152257 | ||
| 922 | |a 1ΕΛΗ |b 200712 |c ΕΠΕΑΕΚ2/ΤΠ |d ΠΑΠΑΣΩΤΗΡΙΟΥ | ||
| 922 | |a 1ΕΛΗ |b 200803 |c ΕΠΕΑΕΚ2/ΤΓ |d ΕΛΕΥΘΕΡΟΥΔΑΚΗΣ | ||
| 970 | |a ΧΑΤΖΗΜΙΧΑΗΛ |b ΜΑΡΙΑ |z 2008/05/08 | ||